জুলাই : মাতৃভূমি অথবা মৃত্যু /

Bibliographic Details
Main Author: ভুঁইয়া, আসিফ মাহমুদ সজীব
Format: Book
Language:Bengali
Published: ঢাকা : প্রথমা প্রকাশনা, ২০২৫ [তৃতীয় মুদ্রণ].
Subjects:
Classic Catalogue: View this record in Classic Catalogue
LEADER 01327nam a22002657a 4500
001 45719
003 BD-DhAAL
005 20260503173126.0
008 260503r2025 bg a|||| |||| 00| 0 ben d
020 |a 9789845370219 
040 |a BD-DhAAL  |c BD-DhAAL 
041 0 |a ben 
082 |a 320.95492  |2 23 
100 |a ভুঁইয়া, আসিফ মাহমুদ সজীব.  |9 60456 
245 |a জুলাই :  |b মাতৃভূমি অথবা মৃত্যু /  |c আসিফ মাহমুদ সজীব ভুঁইয়া. 
246 3 |a July :  |b Matribhumi otoba mrityu 
260 |a ঢাকা :  |b প্রথমা প্রকাশনা,   |c ২০২৫ [তৃতীয় মুদ্রণ]. 
300 |a ১৪২ পৃষ্ঠা ;  |b চিত্র ;  |c ২২ সে.মি. 
650 0 |a Political atrocities  |z Bangladesh.  |9 18071 
650 0 |a Students  |z Bangladesh  |v History.  |9 60521 
651 0 |a Bangladesh  |x Politics and government. 
651 0 |a Bangladesh  |x Politics and government  |y 2024-  |9 57233 
942 |2 ddc  |c BK 
999 |c 47891  |d 47891 
952 |0 0  |1 0  |2 ddc  |4 0  |6 320_954920000000000_BHU  |7 0  |9 79146  |a BIGD  |b BIGD  |d 2026-04-20  |e Prothoma  |g 263.00  |l 0  |o 320.95492 BHU  |p 3050045719  |r 2026-04-20  |t 1  |v 526.00  |w 2026-04-20  |y BK  |x Requisitioned by Nazim uddin Manager, Admin and logistics BIGD, BRAC University.